000 01927nam a2200457 a 4500
001 ebr10170592
003 CaPaEBR
006 m u
007 cr cn|||||||||
008 060711s2007 enka sb 001 0 eng
010 _z 2006022900
015 _aGBA696919
_2bnb
016 7 _z013602463
_2Uk
020 _z9781853599521 (hbk : alk. paper)
020 _z1853599522 (hbk : alk. paper)
020 _z9781853599514 (pbk. : alk. paper)
020 _z1853599514 (pbk. : alk. paper)
020 _z9781853599538 (ebook)
020 _z1853599530 (ebook)
040 _aCaPaEBR
_cCaPaEBR
035 _a(OCoLC)648183006
043 _ad------
050 1 4 _aP40.85.D44
_bR37 2007eb
082 0 4 _a306.44/9091724
_222
100 1 _aRassool, Naz,
_d1949-
245 1 0 _aGlobal issues in language, education and development
_h[electronic resource] :
_bperspectives from postcolonial countries /
_cNaz Rassool ; with case studies by Maggie Canvin, Kathleen Heugh, and Naz Rassool ; with Sabiha Mansoor.
260 _aClevedon [England] ;
_aBuffalo [N.Y.] :
_bMultilingual Matters Ltd.,
_cc2007.
300 _axii, 291 p. :
_bill.
490 1 _aLinguistic diversity and language rights ;
_v4
504 _aIncludes bibliographical references (p. 267-286) and index.
533 _aElectronic reproduction.
_bPalo Alto, Calif. :
_cebrary,
_d2013.
_nAvailable via World Wide Web.
_nAccess may be limited to ebrary affiliated libraries.
650 0 _aLanguage and education
_zDeveloping countries.
650 0 _aLanguage policy
_zDeveloping countries.
655 7 _aElectronic books.
_2local
700 1 _aCanvin, Maggie.
700 1 _aHeugh, Kathleen.
700 1 _aMansoor, Sabiha.
710 2 _aebrary, Inc.
830 0 _aLinguistic diversity and language rights ;
_v4.
856 4 0 _uhttp://site.ebrary.com/lib/rucke/Doc?id=10170592
_zAn electronic book accessible through the World Wide Web; click to view
999 _c139488
_d139488